Zákony V/2009 úplné znenia zákonov pre verejnú správu, školy a obce a súvisiace predpisy platné k 1.1.2009
Gespeichert in:
| Format: | Buch |
|---|---|
| Sprache: | Slowakisch |
| Veröffentlicht: |
Žilina
Poradca
2009
|
| Schlagworte: | |
| Tags: |
Keine Tags, Fügen Sie das erste Tag hinzu!
|
MARC
| LEADER | 00000nam$a2200000$$$4500 | ||
|---|---|---|---|
| 001 | 0090092 | ||
| 005 | 20240318121007.5 | ||
| 022 | |a 1335-1583 | ||
| 041 | 0 | |a slo | |
| 044 | |a SK | ||
| 245 | 1 | 0 | |a Zákony V/2009 |b úplné znenia zákonov pre verejnú správu, školy a obce a súvisiace predpisy platné k 1.1.2009 |
| 264 | 1 | |a Žilina |b Poradca |c 2009 | |
| 300 | |a 416 s. | ||
| 610 | 2 | 0 | |a predpisy právne |
| 610 | 2 | 0 | |a legislatíva |
| 610 | 2 | 0 | |a pravidlá rozpočtové |
| 610 | 2 | 0 | |a záujmy verejné |
| 610 | 2 | 0 | |a služba štátna |
| 610 | 2 | 0 | |a školy |
| 610 | 2 | 0 | |a financovanie |
| 610 | 2 | 0 | |a obce |
| 610 | 2 | 0 | |a kraje |
| 610 | 2 | 0 | |a samospráva |
| 610 | 2 | 0 | |a Slovensko |